Word Ladder: Boston Quiz Stats

Quiz Updated Apr 10, 2016

Challenge
Share
Tweet
Embed
Score 0/27 Timer 03:00
2 Plays Today
Hint 4-Letter Word % Correct
Honey-making insectsBEES
97.6%
Opposite of heavenHELL
97.3%
● What the Red Sox swing ●● BATS ●
97.1%
Shower alternativeBATH
96.9%
● Avian creature or Celtics legend Larry ____● BIRD ●
96.6%
● City's nickname: ____town ●● BEAN ●
96.4%
'I've ____ through the desert on a horse with no name'BEEN
96.3%
Lowest part of the faceCHIN
95.9%
Connery, Bean, or Penn, e. g.SEAN
95.8%
Martial artist and actor Jackie ____CHAN
95.7%
Abel's brotherCAIN
95.2%
● Revolutionary War figure: ____ Revere ●● PAUL ●
95.2%
To alleviate a woundHEAL
95%
BucketPAIL
94.8%
Hint 4-Letter Word % Correct
DiscomfortPAIN
94.8%
Large familyCLAN
94.3%
● Local NFL team nickname ●● PATS ●
94.2%
● Boston's include Cheers and Bell in Hand ●● BARS ●
94.1%
● New England ____ 'Chowda' ● ● CLAM ●
93.9%
Shakespeare was one for AvonBARD
93.4%
Mark of approvalSEAL
93.3%
● Walking track, such as the Freedom Trail ●● PATH ●
93.3%
● Historic attraction: Faneuil ___● HALL ●
92.7%
Carry or pull with effortHAUL
92.4%
Type of fish or vocal rangeBASS
91.9%
Gershwin opera: Porgy and ____BESS
91%
Hit hardBASH
90.1%

Today's Daily Dose

Word Ladder
'90s Movies

Quick Pick
'Fire' Movies

On This Day
June 19th II

You're not logged in!

Compare scores with friends on all Sporcle quizzes.
Join for Free
OR
Log In

You Might Also Like...

Show Comments

Extras

Top Quizzes Today


Score Distribution

Your Account Isn't Verified!

In order to create a playlist on Sporcle, you need to verify the email address you used during registration. Go to your Sporcle Settings to finish the process.

Report this User

Report this user for behavior that violates our Community Guidelines.

Details: